000 00326nam a22001457a 4500
008 230516b ||||| |||| 00| 0 eng d
020 _a9781259601514
041 _aeng
080 _23E
_a610.73
082 _a610.73HER
100 _a7
101 _aINF
245 _aTHERAPEUTIC COMMUNICATION
_cHERBERT.C
942 _2udc
_cBK
999 _c59753
_d59753